000 02533nam a22002657a 4500
003 DO-SdINT
005 20250520103445.0
008 250502t2000 dr ||||| |||| 00| 0 spa d
020 _a99934-0-135-8
040 _aDO-SdINT
_bspa
_erda
_cDO-SdINT
041 _aspa
044 _adr
_cDO
072 _aCSH
100 1 _aMartínez, Carlos T.
_4aut.
_916624
_eautor
245 _aGrandes dominicanos /
_cCarlos T. Martínez
264 _aSanto Domingo :
_bEditora Centenario,
_c2000
300 _a527 páginas :
_bilustraciones ;
_c23 cm
336 _2rdacontent
_atexto
_btxt
337 _2rdamedia
_asin mediación
_bn
338 _2rdacarrier
_avolumen
_bnc
505 _aSe encuentra en físico en el siguiente enlace
520 _aEl periodista, locutor y escritor Carlos T. Martínez nació el 9 de noviembre de 1945 en San Pedro de Macorís, ciudad que lo nombró hijo meritorio y distinguido. Fue el primer presidente electo de ACROARTE. Tiene más de 54 años como profesional de las comunicaciones. En la actualidad, produce desde hace mas de 40 años el programa radial Panorama Farandulero y Algo Más. Cada miércoles publica su popular columna Generalidades en el vespertino El Nacional. Ha publicado más de 24 tomos de la serie Grandes Dominicanos, con entrevistas a personalidades de diversos ámbitos que han contribuido dentro de sus especialidades a engrandecer la República Dominicana. Entre otros de sus obras libros se destacan, “Premios Casandra, Historia de Acroarte”, “Confesiones de una ninfómana”, “La vida de Jochy Santos, Con el mismo golpe” y “La más celosa de las mujeres”. Conocido cariñosamente por sus colegas como “El Deferente”, pero no sólo como melómano, sino como compositor, donde ha escrito, entre otros temas, “Homenaje a Antonio Guzmán Fernández”, “Santo Domingo”, “El merengue”, “El defecto”, “Quiero darte un beso”, “Macana”, “Homenaje a Nelson Mandela” y “Marian Grey”, el que dedicara a su nieta del mismo nombre. Con una larga lista de reconocimiento entre los que se destacan El Dorado, El Micrófono de Oro, la Medalla Presidencial al Mérito, Cronista del Año, exaltación a la Cabina de la Fama e Inmortal de la Locución Dominicana y Premio al Mérito Periodístico de ACROARTE. Además, recibió en el 2015 el reconocimiento a la trayectoria periodística por parte del Ministerio de Cultura.
856 _uhttps://opacbiblioteca.intec.edu.do/cgi-bin/koha/opac-detail.pl?biblionumber=227121
942 _cLBD
_2ddc
_n0
999 _c13431
_d13431